00644nam a2200193 a 4500008004100000020002200041100002900063245008000092260005100172300003500223440004000258500002000298504004100318650003000359650003400389003000100423005001700424040000900441  a0834212099 (hbk.)1 aResurreccion, Anna V. A.10aConsumer sensory testing for product development /cAnna V.A. Resurreccion. aGaithersburg, Md. :bAspen Publishers,cc1998. axvii, 254 p. :bill. ;c26 cm. 2aA Chapman & Hall food science book. aIncludes index. aIncludes bibliographical references. 0aFoodxSensory evaluation. 0aCommercial productsxTesting.20230123133901.0 cNUST